Los hijos del capitán Grant / (Registro nro. 10026)

Detalles MARC
000 -LIDER
fixed length control field 00991nam a2200337 b 4500
001 - NÚMERO DE CONTROL
Identificador de número de control 02107541
003 - IDENTIFICACDOR DE NÚMERO DE CONTROL
control field DO-SdBNP
005 - DATE AND TIME OF LATEST TRANSACTION
control field 20180126105046.0
007 - CAMPOS FIJOS DE DESCRIPCIÓN FÍSICA
fixed length control field 02107541
008 - ELEMENTOS DE LONGITUD FIJA
fixed length control field 060531s1981 sp | ||| ||spa
016 7# - NO. DE CONTROL DE LA AGENCIA BIB. NACIONAL
Record control number
Source BPMSU
017 ## - NÚMERO DE REGISTRO DE DERECHOS DE AUTOR
Copyright or legal deposit number
Assigning agency
020 ## - ISBN
International Standard Book Number 840207653X
035 ## - NÚMERO LOCAL
System control number
040 ## - FUENTE DE CATALOGACIÓN
Agencia que crea de manera original el registro BPMSU
Idioma de catalogación spa
Agencia que realiza la transcripción BPMSU
Convenciones de la despripción
041 1# - CÓDIGOS DE OBRAS TRADUCIDAS O EN VARIOS IDIOMAS
Código del idioma del texto/archivo de sonido o separata spa
Cód. del idioma original y/o traducciones intermedias del texto
080 #0 - NÚMERO DE CLASIFICACIÓN DECIMAL UNIVERSAL
Universal Decimal Classification number
100 1# - ASIENTO PRINCIPAL -- NOMBRE PERSONAL
Nombre personal Verne, Jules
Fechas asociadas con el nombre 1828-1905
240 14 - TITULO UNIFORME
Título uniforme Les enfants du capitaine Grant
Idioma de una obra español
245 14 - MENCIÓN DE TITULO
Título Los hijos del capitán Grant /
Medio (Designación general de material)
Mención de responsabilidad Julio Verne ;adaptación de Rosa M. Rosa ; ilustraciones de José M. Alvarez
250 ## - MENCIÓN DE EDICION
Mención de edición
260 ## - PUBLICACIÓN, DISTRIBUCIÓN, ETC. (PIE DE IMPRENTA)
Lugar de publicación, distribución, etc Barcelona :
Nombre del editor, distribuidor, etc. Brugueras
Fecha de publicación, distribución, etc 1981
300 ## - DESCRIPCIÓN FÍSICA
Extensión 174 p.:
Otros detalles físicos il.;
Dimensiones 25 cm
490 0# - MENCIÓN DE SERIES
Mención de serie Historia
-- Biblioteca verde
Volume/sequential designation 31
700 1# - ASIENTO SECUNDARIO -- NOMBRE PERSONAL
Nombre personal Cort, Rosa M.
700 1# - ASIENTO SECUNDARIO -- NOMBRE PERSONAL
Nombre personal Alvarez, José M.
Forma completa del nombre
830 ## - ASIENTO SECUNDARIO DE SERIE--TÍTULO UNIFORME
Título uniforme Historia
Nombre de la parte o sección de una obra Biblioteca verde
Volume number/sequential designation 31
942 ## - ADDED ENTRY ELEMENTS (KOHA)
Source of classification or shelving scheme Dewey Decimal Classification
Koha item type Libros
945 ## - INFORMACIÓN DE PROCESAMIENTO LOCAL
Información de procesamiento local Inventariado extranjero / 2018 VM
956 ## - LOCAL ELECTRONIC LOCATION AND ACCESS (OCLC)
Nombre de host VMATEO
Método de acceso 10
Materiales especificados 20160509
Enlace BPMSU
Campo enlazado y núm. de secuencia 0069
Existencias
Withdrawn status Lost status Source of classification or shelving scheme Damaged status Not for loan Collection code Home library Current library Date acquired Source of acquisition Total Checkouts Barcode Date last seen Price effective from Koha item type
    Dewey Decimal Classification     Colección General Biblioteca Pública Metropolitana Salomé Ureña Biblioteca Pública Metropolitana Salomé Ureña 05/09/2016 FUNDI   BPMSU16050151 05/09/2016 05/09/2016 Libros